000 00465nam a2200145Ia 4500
008 100415s9999 xx 000 0 und d
082 _b1016
_a574.9
100 _aDUNCAN P. MARTIN [ED.]
245 _aCassel's natural history: 001016- Vol.I:- Vol.I
260 _aLONDON
_c0
_bCASSELL, PETTER, GALPIN & CO.
365 _b0
630 _aCassel's natural history: 001016- Vol.I:- Vol.I
730 _aCassel's natural history: 001016- Vol.I:- Vol.I
942 _cBOOK
999 _c584075
_d584072